| 000 | 01236nam a22003617a 4500 | ||
|---|---|---|---|
| 003 | CHAP | ||
| 005 | 20220329140804.0 | ||
| 008 | 971013s1065 r 00010 d | ||
| 010 | _a57626 | ||
| 011 | _a58598 | ||
| 035 | _a62753 | ||
| 040 | _cCHAP | ||
| 082 |
_a001.64044 _bS6 |
||
| 100 | 0 | 0 |
_aSouthworth, Raymond W. _9108994 |
| 245 | _aDigital computation and numerical methods | ||
| 260 |
_aNew york : _bMcgraw-Hill, _c1065 |
||
| 300 | _a508 p. | ||
| 490 | _aMcGraw-Hill series en information processing and computer | ||
| 590 |
_aBATCH-UPD _b10 _c20130110 _lUCH01 _h0742 |
||
| 590 |
_aBATCH-UPD _b10 _c20130110 _lUCH01 _h2346 |
||
| 590 |
_aBATCH-UPD _b10 _c20130409 _lUCH01 _h2221 |
||
| 590 |
_aBATCH-UPD _b10 _c20130410 _lUCH01 _h1527 |
||
| 590 |
_aBATCH-UPD _b10 _c20130914 _lUCH01 _h0816 |
||
| 590 |
_aCONVERSION _b10 _c20130109 _lUCH01 _h1331 |
||
| 650 | 1 | 4 |
_aCalculadoras electrónicas digitales. _917346 |
| 650 | 1 | 4 |
_aFORTRAN (Programación) _942651 |
| 650 | 1 | 4 |
_aModelos matemáticos. _976419 |
| 700 | 0 |
_aDeleeuw, Samuel L. _931549 |
|
| 830 | 0 |
_aMcGraw-Hill series en information processing and computer _973555 |
|
| 901 | _aBK | ||
| 942 | _cLIBRO | ||
| 949 |
_a001.64044 S6 _bBC _cLIBRO _d33724000288270 _eLIBRO _h38363 _i62753 _si |
||
| 999 |
_c57626 _d57626 |
||